000 00591nam a2200205Ia 4500
005 20250508165210.0
008 008 250505s9999 xx 000 0 hin d
020 _a978-0-521-15203-7
037 _aDissertations
040 _aFEDL
_beng
_cFEDL
041 _ahin
_2eng
084 _a371.335, ARY/DI
_qFEDL
100 _aArya Shachindra
_9780140
245 0 _aShiksha- shastriya upkaran ke roop mein cinema
260 _c2012
300 _aiv, 86p.
546 _aM.Ed. Dissertation, (Delhi University)
942 _cDIS
_h371.335, ARY/DI
999 _c1393727
_d1393727